| 000 | 01302cam a2200337 a 4500 | ||
|---|---|---|---|
| 001 | 14129743 | ||
| 005 | 20060727202148.0 | ||
| 008 | 051003s2005 ii b 001 0 eng | ||
| 010 | _a 2005386467 | ||
| 020 | _a0195693035 | ||
| 020 | _a9780195693034 | ||
| 025 | _aI-E-2005-386467; 63-01; 79-01 | ||
| 037 |
_bLibrary of Congress -- New Delhi Overseas Office _cRs595.00 |
||
| 040 |
_aDLC _cDLC _dDLC |
||
| 042 | _alcode | ||
| 050 | 0 | 0 |
_aJC319 _b.N35 2005 |
| 082 |
_222 _a327 _bNAY |
||
| 100 | 1 |
_aNayar, Baldev Raj. _912698 |
|
| 245 | 1 | 4 |
_aThe Geopolitics of Globalization : _bThe Consequences for Development / _cBaldev Raj Nayar. |
| 260 |
_aNew Delhi : _bOxford University Press, _cc2005. |
||
| 300 |
_axii, 301 p. ; _c22 cm. |
||
| 504 | _aIncludes bibliographical references and index. | ||
| 650 | 0 |
_aGeopolitics. _912699 |
|
| 650 | 0 |
_aGlobalization. _912700 |
|
| 650 | 0 |
_aEconomic development. _912701 |
|
| 650 | 0 |
_aWorld politics _y20th century. _912702 |
|
| 856 | 4 | 2 |
_3Publisher description _uhttp://www.loc.gov/catdir/enhancements/fy0640/2005386467-d.html |
| 942 |
_2ddc _cBB |
||
| 999 |
_c13686 _d13686 |
||